10 największych polskich miast nad Bałtykiem - Statystyki

Ogólne statystyki
  • Ten quiz został rozwiązany 139 razy
  • Średni wynik to 7 z 10
Statystyki odpowiedzi
Ludność Miasto % Poprawnych
466 631 Gdańsk
100%
246 309 Gdynia
99%
33 500 Sopot
92%
46 568 Kołobrzeg
87%
40 883 Świnoujście
74%
10 037 Władysławowo
66%
15 709 Ustka
64%
11 265 Puck
41%
13 935 Darłowo
34%
33 152 Police
7%
Nie znaleziono quizów pasujących do podanych kryteriów
Rozkład punktacji
Procent ludzi z każdym wynikiem
Percentyl według liczby udzielonych odpowiedzi
Twoja historia wyników
Nie rozwiązałeś tego quizu